| 000 | 00720nac a22002411i 4500 | ||
|---|---|---|---|
| 003 | EG-ScBUE | ||
| 005 | 20230507100306.0 | ||
| 008 | 230507s2002 cc a f 000 0 eng d | ||
| 020 | _a9627723657 | ||
| 040 |
_aEG-ScBUE _beng _erda _cEG-ScBUE _dEG-ScBUE |
||
| 082 | 0 | 4 |
_a725.822 _bTHE _222 |
| 245 | 0 | 0 |
_aTheatres / _bedited by Bernard Chan. |
| 264 | 1 |
_aHong Kong, China : _bPace publishing, _c2002. |
|
| 300 |
_a223 pages : _bcolor illustrations ; _c30 cm |
||
| 336 |
_2rdacontent _atext _btxt |
||
| 337 |
_2rdamedia _aunmediated _bn |
||
| 338 |
_2rdacarrier _avolume _bnc |
||
| 650 | 7 |
_aTheater architecture. _2BUEsh |
|
| 653 | _bENGARC | ||
| 655 | _vReading book | ||
| 700 | 1 |
_aChan, Bernard, _eeditor. |
|
| 942 |
_cBB _2ddc |
||
| 999 |
_c3531 _d3531 |
||